Sports Quiz

Random Sports or WWE Quiz
Score 0/55 Timer 10:00
0 Plays Today
PPV Opponent % Correct
TLC (2012)Kane
98.1%
Extreme Rules (2013)Kane
98.1%
Payback (2013)Kane
98.1%
Wrestlemania XXX (2014)Kane
98.1%
Wrestlemania 29 (2013)Randy Orton
93.6%
Payback (2013)Randy Orton
93.6%
Extreme Rules (2014)Randy Orton
93.6%
Payback (2014)Randy Orton
93.6%
Extreme Rules (2014)Triple H
92.9%
Payback (2014)Triple H
92.9%
TLC (2012)Daniel Bryan
91.7%
Extreme Rules (2013)Daniel Bryan
91.7%
Payback (2013)Daniel Bryan
91.7%
TLC (2012)Ryback
91%
Elimination Chamber (2013)Ryback
91%
Elimination Chamber (2013)Sheamus
89.7%
Wrestlemania 29 (2013)Sheamus
89.7%
Wrestlemania 29 (2013)Big Show
86.5%
Royal Rumble (2014)Batista
86.5%
Extreme Rules (2014)Batista
86.5%
Payback (2014)Batista
86.5%
Elimination Chamber (2013)John Cena
85.3%
Extreme Rules (2013)Kofi Kingston
84.6%
Money In The Bank (2013)Jimmy Uso
82.7%
Money In The Bank (2013)Jey Uso
82.7%
Hell In A Cell (2013)Jimmy Uso
82.7%
Hell In A Cell (2013)Jey Uso
82.7%
Survivor Series (2013)Jimmy Uso
82.7%
PPV Opponent % Correct
Survivor Series (2013)Jey Uso
82.7%
Elimination Chamber (2014)Bray Wyatt
82.7%
Money In The Bank (2013)Cody Rhodes
81.4%
Battleground (2013)Cody Rhodes
81.4%
Hell In A Cell (2013)Cody Rhodes
81.4%
Survivor Series (2013)Cody Rhodes
81.4%
TLC (2013)CM Punk
81.4%
Elimination Chamber (2014)Luke Harper
80.1%
Battleground (2013)Goldust
78.2%
Hell In A Cell (2013)Goldust
78.2%
Survivor Series (2013)Goldust
78.2%
Elimination Chamber (2014)Erick Rowan
78.2%
Night Of Champions (2013)Dolph Ziggler
73.1%
Royal Rumble (2014)Roman Reigns
73.1%
Royal Rumble (2014)Roman Reigns
73.1%
Wrestlemania XXX (2014)Billy Gunn
73.1%
Wrestlemania XXX (2014)Road Dogg
69.2%
Survivor Series (2013)Rey Mysterio
66%
Money In The Bank (2013)Cesaro
63.5%
Summerslam (2013)Rob Van Dam
63.5%
Hell In A Cell (2013)Big E.
59%
Money In The Bank (2013)Damien Sandow
56.4%
Money In The Bank (2013)Jack Swagger
56.4%
Money In The Bank (2013)Wade Barrett
50.6%
Night Of Champions (2013)Darren Young
50.6%
Night Of Champions (2013)Titus O'Neil
48.1%
Money In The Bank (2013)Fandango
42.3%
Remove Ads.
Support Sporcle.
Get the best of Sporcle when you Go Orange. This ad-free experience offers more features, more stats, and more fun while also helping to support Sporcle. Thank you for becoming a member.

You're not logged in!

Compare scores with friends on all Sporcle quizzes.
OR
Log In

Show Comments

Extras

Created Dec 22, 2014ReportNominate
Tags:WWE Quiz, The Shield

Top Quizzes Today


Score Distribution

Your Account Isn't Verified!

In order to create a playlist on Sporcle, you need to verify the email address you used during registration. Go to your Sporcle Settings to finish the process.

Report this User

Report this user for behavior that violates our Community Guidelines.

Details: